| 000 | 00569nam a2200181 a 4500 | ||
|---|---|---|---|
| 005 | 20140414132122.0 | ||
| 008 | 121010s19uu xx 00 eng d | ||
| 050 |
_aM 398.2 _bMc479 1996 |
||
| 100 | _aMckie, Anne | ||
| 245 | _aA Treasury of fairy tales and nursery rhymes. | ||
| 260 |
_aLondon : _bGrandreams Limited, _c1992. |
||
| 300 | _a86 | ||
| 500 | _aRed riding hood. Aladdin. Sleeping beauty. The Gingerbread man. | ||
| 650 | _astories-children-fairy tales. | ||
| 650 | _achildren-nursery rhymes. | ||
| 700 | _aKen McKie (iluustrator) | ||
| 999 |
_c115094 _d115094 |
||